| 000 | 01485nam a2200325 a 4500 | ||
|---|---|---|---|
| 001 | ebr10044075 | ||
| 003 | CaPaEBR | ||
| 006 | m u | ||
| 007 | cr cn||||||||| | ||
| 008 | 001207s2001 enkb sb 001 0 eng | ||
| 010 | _z 00054207 | ||
| 020 | _z033377809X (cloth) | ||
| 040 |
_aCaPaEBR _cCaPaEBR |
||
| 035 | _a(OCoLC)559221392 | ||
| 050 | 1 | 4 |
_aPN849.E9 _bH575 2001eb |
| 082 | 0 | 4 |
_a891.8/082 _221 |
| 245 | 0 | 2 |
_aA history of Central European women's writing _h[electronic resource] / _cedited by Celia Hawkesworth. |
| 260 |
_aHoundmills, Basingstoke, Hampshire ; _aNew York : _bPalgrave, in association with School of Slavonic and East European Studies, University College, London, _c2001. |
||
| 300 |
_axvii, 323 p. : _bmaps. |
||
| 490 | 1 | _aStudies in Russia and East Europe | |
| 504 | _aIncludes bibliographical references and index. | ||
| 533 |
_aElectronic reproduction. _bPalo Alto, Calif. : _cebrary, _d2013. _nAvailable via World Wide Web. _nAccess may be limited to ebrary affiliated libraries. |
||
| 650 | 0 |
_aEast European literature _xWomen authors _xHistory and criticism. |
|
| 651 | 0 |
_aEurope, Central _xLiteratures _xHistory and criticism. |
|
| 655 | 7 |
_aElectronic books. _2local |
|
| 700 | 1 |
_aHawkesworth, Celia, _d1942- |
|
| 710 | 2 | _aebrary, Inc. | |
| 830 | 0 | _aStudies in Russia and East Europe (Palgrave (Firm)) | |
| 856 | 4 | 0 |
_uhttp://site.ebrary.com/lib/rucke/Doc?id=10044075 _zAn electronic book accessible through the World Wide Web; click to view |
| 999 |
_c75040 _d75040 |
||